000 00606nam a2200253Ia 4500
001 119710
003 YMCAF
005 20230512163642.0
008 191004s2000 ||||||||||||||||| ||und|d
020 _a8123008279
024 _a119710
035 _a50504
040 _aYMCAF
_beng
_cIN-KoLT
041 _aeng
082 _a925.54
_bMUK
100 _aMukharji, Vishvapriya
245 0 _aJagdish chandra bose: Adhunik bharat ke nirmata
260 _aNew Delhi
_bHRD
_c2000
300 _a123p
490 _aAdhunik bharat ke nirmata
653 _aBIOGRAPHY
653 _aGENERAL
942 _2ddc
_cBK
999 _c16309
_d16309